|
|
|
|
| LEADER |
00000cam a2200000 a 4500 |
| 001 |
vtls001456240 |
| 003 |
SK-MaSNL |
| 005 |
20260302002347.0 |
| 008 |
251117s2003 xo g 000 f hun |
| 015 |
|
|
|a SNBA2004/01-00477
|
| 020 |
|
|
|a 8071495328
|
| 035 |
|
|
|a SNK000411547
|
| 035 |
|
|
|a urn:nbn:sk:snk-amjdhs
|
| 035 |
|
|
|a urn:nbn:sk:snk-am002nuz
|
| 035 |
|
|
|a D58B765D-A445-412B-847E-8F2544374558
|
| 040 |
|
|
|a SNK
|b slo
|c SNK
|e AACR2
|
| 041 |
1 |
|
|a hun
|h cze
|
| 044 |
|
|
|a xo
|c SK
|
| 072 |
|
7 |
|a 821.511.1
|x Ugrofínske literatúry
|2 konspekt
|
| 080 |
|
|
|a 821.162.3-3=511.411
|2 1981
|
| 080 |
|
|
|a 821.511.141-31
|2 1981
|
| 080 |
|
|
|a (0:82-31)
|2 1981
|
| 100 |
1 |
|
|a Vrak, Jan
|d 1967-
|4 aut
|9 639625
|
| 240 |
1 |
0 |
|a Obyčejné věci
|l Maďarsky
|
| 245 |
1 |
0 |
|a Hétköznapi dolgok
|b (regény)
|c Jan Vrak ; [fordította Koloszár Péter és Simándi Judit]
|
| 250 |
|
|
|a 1. kiad.
|
| 260 |
|
|
|a Pozsony
|b Kalligram
|c 2003
|
| 300 |
|
|
|a 201 s.
|c 18 cm
|
| 650 |
0 |
7 |
|a romány spoločenské české
|2 SNK
|9 464162
|
| 655 |
|
7 |
|a umelecká literatúra
|2 SNK
|9 60405
|
| 655 |
|
7 |
|a maďarské romány
|2 SNK
|9 70321
|
| 655 |
|
7 |
|a romány
|2 SNK
|9 1390
|
| 700 |
1 |
|
|a Koloszár, Péter
|4 trl
|9 395731
|
| 700 |
1 |
|
|a Simándi, Judit
|4 trl
|9 639626
|
| 752 |
|
|
|d Bratislava
|
| 852 |
|
|
|a Slovenská národná knižnica
|
| 919 |
|
|
|a 80-7149-532-8
|
| 954 |
|
|
|a beletria cudzojazyčná (svetová)
|2 lita
|
| 958 |
|
|
|a UP
|
| 958 |
|
|
|a NS
|
| 958 |
|
|
|a LX
|
| 958 |
|
|
|a HU
|
| 958 |
|
|
|a CZ
|
| 968 |
|
|
|a Mag
|b ČES
|
| 999 |
|
|
|c 987713
|d 989643
|
| 952 |
|
|
|t P60, <04>, [BOOK], {604}
|a SNK
|b SNK
|y VYP
|7 0
|p 17A0389277
|o snkSD 73059
|i snkKSP 8062/2003
|0 0
|1 0
|4 0
|d 2003-07-08
|l 0
|r 2025-11-20 00:00:00
|w 2026-02-24
|
| 952 |
|
|
|t P60, <04>, [BOOK], {604}
|a SNK
|b SNK
|y VYP
|7 0
|p 17A0389286
|o snkSD 73059 D1
|i snkKSP 8063/2003
|0 0
|1 0
|4 0
|d 2003-07-08
|f 1
|l 0
|r 2005-01-02 00:00:00
|w 2026-02-24
|